A course in Reading & Writing Skills/ (Record no. 186249)
[ view plain ]
| 000 -LEADER | |
|---|---|
| fixed length control field | 00607nam a22001817a 4500 |
| 005 - DATE AND TIME OF LATEST TRANSACTION | |
| control field | 20220218153342.0 |
| 010 ## - LCCN (DPL NO) | |
| LC control number | ENG-131673 |
| 020 ## - INTERNATIONAL STANDARD BOOK NUMBER | |
| International Standard Book Number | 978-81-952678-7-3 |
| Terms of availability | 199.00 |
| 035 ## - SYSTEM CONTROL NUMBER | |
| System control number | EN-115205 |
| 037 ## - SOURCE OF ACQUISITION | |
| Source of stock number/acquisition | DBAD |
| 082 ## - DEWEY DECIMAL CLASSIFICATION NUMBER | |
| Classification number | 428 |
| 245 ## - TITLE STATEMENT | |
| Title | A course in Reading & Writing Skills/ |
| Statement of responsibility, etc | J. Marcus [et...al] |
| 260 ## - PUBLICATION, DISTRIBUTION, ETC. (IMPRINT) | |
| Place of publication, distribution, etc | Hyderabad |
| Name of publisher, distributor, etc | Sunraise International Publishers |
| Date of publication, distribution, etc | 2020 |
| 270 ## - ADDRESS | |
| Address | # 326/C, Level-2, Surneni Nilayam Near B K Guda Park, S R Nagar |
| City | Hyderabad |
| Postal code | 500038 |
| Telephone number | 4023710657, 238000657 |
| 300 ## - PHYSICAL DESCRIPTION | |
| Extent | viii, 224p. |
| Dimensions | 24cm(pbk) |
| 700 ## - ADDED ENTRY--PERSONAL NAME | |
| Personal name | Marcus, J. |
| 942 ## - ADDED ENTRY ELEMENTS (KOHA) | |
| Source of classification or shelving scheme | Dewey Decimal Classification |
| Item type | English Books |
| Classification part | 428 |
| Call number suffix | MAR |
| Withdrawn status | Lost status | Not for loan | Collection code | Home library | Current library | Date acquired | Source of acquisition | Cost, normal purchase price | Full call number | Barcode | Copy number | Cost, replacement price | Koha item type |
|---|---|---|---|---|---|---|---|---|---|---|---|---|---|
| Non-fiction | Bawana | Bawana | 18/02/2022 | DBAD/PUB | 199.00 | 428 MAR | EN-115205 | 1 | 199.00 | English Books |
